00450 2200181 4500001002100000008004100021035002000062245003000082100001500112260003700127300002000164020002200184084001400206082000800220650001000228990001500238990001500253INLIS000000000003216 ind  a0010-1225000037 aSi Anak PintarcTere Liye aLiye, Tere aDepok :bPT Sabak Grip Nusantara a364c13,5x20 cm a978-623-9554-58-3 a813 LIY s a813 aFiksi a19670/B/26 a19671/B/26